| 000 | 00527nam a2200169 4500 | ||
|---|---|---|---|
| 001 | 120580 | ||
| 003 | ES-MaACL | ||
| 005 | 20230906191600.0 | ||
| 007 | t| | ||
| 008 | 070214s1973 sp r ||||1| spa d | ||
| 100 | 1 |
_aPol, Willem Hendrik Van de. _992783 |
|
| 245 | 1 | 3 |
_aEl futuro de la iglesia y del cristianismo / _cWillem Hendrik Van de Pol ; versión de R. Muñoz. |
| 260 |
_aBilbao : _bDescleé de Brouwer, _c1973. |
||
| 300 |
_a267 p. ; _c21 cm. |
||
| 700 | 1 |
_aMuñoz, R. _984336 |
|
| 852 |
_aES-MaACL _jC-54900 _bR.87711 |
||
| 999 |
_c120580 _d120580 |
||